|
|
|
|
| LEADER |
02175nam a22005175i 4500 |
| 001 |
978-0-306-47537-5 |
| 003 |
DE-He213 |
| 005 |
20151103122527.0 |
| 007 |
cr nn 008mamaa |
| 008 |
100301s2001 ne | s |||| 0|eng d |
| 020 |
|
|
|a 9780306475375
|9 978-0-306-47537-5
|
| 024 |
7 |
|
|a 10.1007/0-306-47537-5
|2 doi
|
| 040 |
|
|
|d GrThAP
|
| 050 |
|
4 |
|a QL1-991
|
| 072 |
|
7 |
|a PSV
|2 bicssc
|
| 072 |
|
7 |
|a SCI070000
|2 bisacsh
|
| 082 |
0 |
4 |
|a 590
|2 23
|
| 245 |
1 |
0 |
|a Copepoda: Developments in Ecology, Biology and Systematics
|h [electronic resource] :
|b Proceedings of the Seventh International Conference on Copepoda, held in Curitiba, Brazil, 25–31 July 1999 /
|c edited by Rubens M. Lopes, Janet W. Reid, Carlos E. F. Rocha.
|
| 246 |
3 |
|
|a Proceedings of the Seventh International Conference on Copepoda, held in Curitiba, Brazil, 25-31 July 1999
|
| 264 |
|
1 |
|a Dordrecht :
|b Springer Netherlands,
|c 2001.
|
| 300 |
|
|
|a XIII, 576 p. 212 illus., 1 illus. in color.
|b online resource.
|
| 336 |
|
|
|a text
|b txt
|2 rdacontent
|
| 337 |
|
|
|a computer
|b c
|2 rdamedia
|
| 338 |
|
|
|a online resource
|b cr
|2 rdacarrier
|
| 347 |
|
|
|a text file
|b PDF
|2 rda
|
| 490 |
1 |
|
|a Developments in Hydrobiology ;
|v 156
|
| 505 |
0 |
|
|a Maxilliped Lecture -- Biology and ecology of Antarctic and Subantarctic copepods -- Ecology, distribution and biology of marine copepods -- Copepods in challenging environments -- Ecology of freshwater copepods -- Symbiotic copepods -- Systematics and biology.
|
| 650 |
|
0 |
|a Life sciences.
|
| 650 |
|
0 |
|a Ecology.
|
| 650 |
|
0 |
|a Aquatic ecology.
|
| 650 |
|
0 |
|a Zoology.
|
| 650 |
1 |
4 |
|a Life Sciences.
|
| 650 |
2 |
4 |
|a Zoology.
|
| 650 |
2 |
4 |
|a Ecology.
|
| 650 |
2 |
4 |
|a Freshwater & Marine Ecology.
|
| 700 |
1 |
|
|a Lopes, Rubens M.
|e editor.
|
| 700 |
1 |
|
|a Reid, Janet W.
|e editor.
|
| 700 |
1 |
|
|a Rocha, Carlos E. F.
|e editor.
|
| 710 |
2 |
|
|a SpringerLink (Online service)
|
| 773 |
0 |
|
|t Springer eBooks
|
| 776 |
0 |
8 |
|i Printed edition:
|z 9780792370482
|
| 830 |
|
0 |
|a Developments in Hydrobiology ;
|v 156
|
| 856 |
4 |
0 |
|u http://dx.doi.org/10.1007/0-306-47537-5
|z Full Text via HEAL-Link
|
| 912 |
|
|
|a ZDB-2-SBL
|
| 912 |
|
|
|a ZDB-2-BAE
|
| 950 |
|
|
|a Biomedical and Life Sciences (Springer-11642)
|